| 000 | 00942nam a2200265Ia 4500 | ||
|---|---|---|---|
| 003 | OSt | ||
| 005 | 20221005105601.0 | ||
| 006 | a|||||r|||| 00| 0 | ||
| 007 | ta | ||
| 008 | 221004b |||||||| |||| 00| 0 hin d | ||
| 020 | _a8170339642 (pbk) | ||
| 024 | _a26953 | ||
| 037 |
_bGift, 16/05/2016, _cTextual |
||
| 040 |
_aCRL _cCRL _bhin |
||
| 041 |
_2hin _ahin |
||
| 082 | _aYk, 152P6 | ||
| 100 | _aरावत, हरिकृष्ण | ||
| 245 | 0 | _aउच्चतर समाजशास्त्र विश्वकोश | |
| 246 | _aUchchatar samājashāstra vishvakosha | ||
| 260 |
_aनई दिल्ली _bरावत पब्लिकेशन्स भारत _c2009 |
||
| 300 |
_a562पृ0 _ccm. |
||
| 650 | _aभारतीय-लोक साहित्य | ||
| 942 |
_hYk, 152P6 _cTEXL _2cc |
||
| 999 |
_c1016249 _d1016249 |
||